| 000 | 06181cam a22019574i 4500 | ||
|---|---|---|---|
| 003 | PE-LiUPU | ||
| 005 | 20250813165542.0 | ||
| 008 | 190805s2019 sp a rb 001 0 spa d | ||
| 020 |
_a8417370358 _q(Volumen 1, 2) |
||
| 020 |
_a9788417370350 _q(Volumen 1, 2) |
||
| 035 | _a(Sirsi) a252365 | ||
| 040 |
_aPE-LiUPU _bspa _cPE-LiUPU _erda |
||
| 041 | 1 |
_aspa _heng |
|
| 049 | _aPRUA | ||
| 082 | 0 | 4 |
_a610.7367 _bH56 _220 |
| 100 | 1 |
_aHinkle, Janice L., _eautor. |
|
| 245 | 1 | 0 |
_aBrunner y suddarth enfermería medicoquirúrgica / _cJanice L. Hinkle, Kerry H. Cheever. |
| 250 | _a14a edición. | ||
| 264 | 1 |
_aBarcelona (España) : _bWolters Kluwer, _c2019. |
|
| 300 |
_a2 Volumenes : _bilustraciones ; _c28 centímetros |
||
| 336 |
_atext _2rdacontent |
||
| 337 |
_aunmediated _2rdamedia |
||
| 338 |
_avolume _2rdacarrier |
||
| 504 | _aIncluye bibliografía. | ||
| 504 | _aIncluye índice. | ||
| 505 | 0 |
_aVolumen I, _tBrunner y suddarth enfermería medicoquirúrgica. _aConceptos básico de enfermería -- Conceptos biofísicos y psicosociales en la práctica de la enfermería -- Conceptos y desafíos en la atención de los pacientes -- Conceptos perioperatorios y atención de enfermería -- Intercambio de gases y función respiratorio -- Función cardiovascular y circulatoria -- Función hemática -- Función inmunitaria. |
|
| 505 | 0 |
_aVolumen II, _tBrunner y suddarth enfermería medicoquirúrgica. _aFunción musculoesquelética -- Función digestiva y gastrointestinal -- Función metabólica y endocrina -- Función renal y de vías urinarias -- Función reproductiva -- Función tegumentaria -- Función sensorial -- Función neurológica -- Desafíos de salud por enfermedades de la comunidad Apéndices. |
|
| 526 | _aP203 | ||
| 526 | _aP200 | ||
| 526 | _aSEG65 | ||
| 526 | _aSEG64 | ||
| 526 | _aSEG63 | ||
| 526 | _aSEG62 | ||
| 526 | _aSEG61 | ||
| 526 | _aSEG60 | ||
| 526 | _aSEG59 | ||
| 526 | _aSEG58 | ||
| 526 | _aSEG57 | ||
| 526 | _aSEG56 | ||
| 526 | _aSEG55 | ||
| 526 | _aSEG54 | ||
| 526 | _aSEG53 | ||
| 526 | _aSEG52 | ||
| 526 | _aSEG51 | ||
| 526 | _aSEG50 | ||
| 526 | _aSEG49 | ||
| 526 | _aSEG48 | ||
| 526 | _aSEG47 | ||
| 526 | _aSEG46 | ||
| 526 | _aSEG24 | ||
| 526 | _aSEG23 | ||
| 526 | _aSEG22 | ||
| 526 | _aSEG21 | ||
| 526 | _aSEG20 | ||
| 526 | _aSEG19 | ||
| 526 | _aSEG18 | ||
| 526 | _aSEG17 | ||
| 526 | _aSEG16 | ||
| 526 | _aSEG14 | ||
| 526 | _aSEG13 | ||
| 526 | _aSEG12 | ||
| 526 | _aSEG11 | ||
| 526 | _aSEG10 | ||
| 526 | _aSEG09 | ||
| 526 | _aSEG06 | ||
| 526 | _aSEG05 | ||
| 526 | _aSEG04 | ||
| 526 | _aSEG03 | ||
| 526 | _aSEG02 | ||
| 526 | _aSEG68 | ||
| 526 | _aSEG66 | ||
| 526 | _aSEG45 | ||
| 526 | _aSEG25 | ||
| 526 | _aSEG01 | ||
| 526 | _aP163 | ||
| 526 | _aP162 | ||
| 526 | _aP161 | ||
| 526 | _aP160 | ||
| 526 | _aP159 | ||
| 526 | _aP158 | ||
| 526 | _aP157 | ||
| 526 | _aP156 | ||
| 526 | _aP155 | ||
| 526 | _aP154 | ||
| 526 | _aP153 | ||
| 526 | _aP152 | ||
| 526 | _aP151 | ||
| 526 | _aP150 | ||
| 526 | _aP149 | ||
| 526 | _aP142 | ||
| 526 | _aP141 | ||
| 526 | _aP140 | ||
| 526 | _aP139 | ||
| 526 | _aP138 | ||
| 526 | _aP137 | ||
| 526 | _aP132 | ||
| 526 | _aP131 | ||
| 526 | _aP130 | ||
| 526 | _aP126 | ||
| 526 | _aP125 | ||
| 526 | _aP124 | ||
| 526 | _aP123 | ||
| 526 | _aP115 | ||
| 526 | _aP122 | ||
| 526 | _aP121 | ||
| 526 | _aP116 | ||
| 526 | _a P114 | ||
| 526 | _aP112 | ||
| 526 | _aP111 | ||
| 526 | _aP104 | ||
| 526 | _aP103 | ||
| 526 | _aP102 | ||
| 526 | _aP101 | ||
| 526 | _aP100 | ||
| 526 | _aP96 | ||
| 526 | _aP95 | ||
| 526 | _aP93 | ||
| 526 | _aP92 | ||
| 526 | _aP91 | ||
| 526 | _aP88 | ||
| 526 | _aP83 | ||
| 526 | _aP82 | ||
| 526 | _aP79 | ||
| 526 | _aP78 | ||
| 526 | _aP75 | ||
| 526 | _aP74 | ||
| 526 | _aP71 | ||
| 526 | _aP69 | ||
| 526 | _a P51 | ||
| 526 | _aP49 | ||
| 526 | _aP48 | ||
| 526 | _aP47 | ||
| 526 | _aP33 | ||
| 526 | _aP31 | ||
| 526 | _a P30 | ||
| 526 | _aP29 | ||
| 526 | _aP27 | ||
| 526 | _aP26 | ||
| 526 | _aP25 | ||
| 526 | _aP24 | ||
| 526 | _a P22 | ||
| 526 | _aP10 | ||
| 526 | _aP09 | ||
| 526 | _a P08 | ||
| 526 | _aP06 | ||
| 526 | _aP05 | ||
| 526 | _aP04 | ||
| 526 | _aP01 | ||
| 534 |
_pTítulo original : _tBrunner & Suddarth's textbook of medical-surgical nursing. |
||
| 541 | _gE001-6; | ||
| 541 | _gE001-7; | ||
| 650 | 0 | 4 |
_aEnfermería. _93122 |
| 650 | 0 | 4 |
_aEnfermería quirúrgica. _9747 |
| 700 | 1 |
_aCheever, Kerry H., _eautor. |
|
| 910 |
_abgr _bncf _cncf _d20190805 |
||
| 910 |
_abgr _bjpc _cjpc _d20190806 |
||
| 942 |
_2ddc _cBOOK |
||
| 994 |
_aC0 _bPEPRU |
||
| 596 | _a1 | ||
| 999 |
_a610.7367 H56 1 _wDEWEY _c31589 _i79732 _d31589 _e2019-9-25 _f2021-11-3 _g3 _lCCODEBUL1 _mBUL _n5 _p33.68 _q2 _r0 _sY _tBOOK _u2019-8-5 _xSALUD _zP22 _0COMPRA _1FCOMPR3 _o.STAFF. Colección Ciencias de la Salud |
||
| 999 |
_a610.7367 H56 1 _wDEWEY _c2 _i79733 _d2019-11-18 _e2019-10-4 _f2021-11-3 _g3 _lCCODEBUL1 _mBUL _n6 _p33.68 _q5 _r0 _sY _tBOOK _u2019-8-5 _xSALUD _zP22 _0COMPRA _1FCOMPR3 _o.STAFF. Colección Ciencias de la Salud |
||
| 999 |
_a610.7367 H56 1 _wDEWEY _c3 _i80429 _d2019-11-6 _e2019-11-3 _f2021-11-3 _g3 _lCCODEBUL1 _mBUL _n5 _p66.00 _q2 _r0 _sY _tBOOK _u2019-8-6 _xSALUD _PP22 _0COMPRA _1FCOMPR3 _o.STAFF. Colección Ciencias de la Salud |
||
| 999 |
_a610.7367 H56 2 _wDEWEY _c1 _i79734 _d2019-10-16 _e2019-9-20 _f2021-11-3 _g3 _lCCODEBUL1 _mBUL _n4 _p33.68 _q3 _r0 _sY _tBOOK _u2019-8-5 _xSALUD _zP22 _0COMPRA _1FCOMPR3 _o.STAFF. Colección Ciencias de la Salud |
||
| 999 |
_a610.7367 H56 2 _wDEWEY _c2 _i79735 _d2019-10-10 _e2019-8-11 _f2021-11-3 _g3 _lCCODEBUL1 _mBUL _n2 _p33.68 _q1 _r0 _sY _tBOOK _u2019-8-5 _xSALUD _zP22 _0COMPRA _1FCOMPR3 _o.STAFF. Colección Ciencias de la Salud |
||
| 999 |
_a610.7367 H56 2 _wDEWEY _c3 _i80430 _d2019-11-6 _e2019-11-3 _f2021-11-3 _g3 _lCCODEBUL1 _mBUL _n4 _p66.00 _q2 _r0 _sY _tBOOK _u2019-8-6 _xSALUD _PP22 _0COMPRA _1FCOMPR3 _o.STAFF. Colección Ciencias de la Salud |
||
| 980 |
_81 _gALBERTO SANCHEZ Responsable de Automatización |
||